National security cultures : (Record no. 13822)

000 -LEADER
fixed length control field 01023cam a22003138a 4500
001 - CONTROL NUMBER
control field 15989467
005 - DATE AND TIME OF LATEST TRANSACTION
control field 20170105102840.0
008 - FIXED-LENGTH DATA ELEMENTS--GENERAL INFORMATION
fixed length control field 091119s2010 enk 001 0 eng
010 ## - LIBRARY OF CONGRESS CONTROL NUMBER
LC control number 2009049052
020 ## - INTERNATIONAL STANDARD BOOK NUMBER
International Standard Book Number 9780415777421 (hardback)
020 ## - INTERNATIONAL STANDARD BOOK NUMBER
International Standard Book Number 9780415777438 (pbk.)
020 ## - INTERNATIONAL STANDARD BOOK NUMBER
International Standard Book Number 9780203850619 (ebook)
040 ## - CATALOGING SOURCE
Original cataloging agency DLC
Transcribing agency DLC
050 00 - LIBRARY OF CONGRESS CALL NUMBER
Classification number JZ5588
Item number .N36 2010
082 00 - DEWEY DECIMAL CLASSIFICATION NUMBER
Classification number 355/.033
Edition number 22
245 00 - TITLE STATEMENT
Title National security cultures :
Remainder of title patterns of global governance /
Statement of responsibility, etc. edited by Emil J Kirchner and James Sperling.
260 ## - PUBLICATION, DISTRIBUTION, ETC.
Place of publication, distribution, etc. Milton Park, Abingdon, Oxon, [England] ;
-- New York :
Name of publisher, distributor, etc. Routledge,
Date of publication, distribution, etc. 2010.
263 ## - PROJECTED PUBLICATION DATE
Projected publication date 1005
300 ## - PHYSICAL DESCRIPTION
Extent p. cm.
500 ## - GENERAL NOTE
General note Includes index.
650 #0 - SUBJECT ADDED ENTRY--TOPICAL TERM
Topical term or geographic name entry element Security, International.
650 #0 - SUBJECT ADDED ENTRY--TOPICAL TERM
Topical term or geographic name entry element National security.
650 #0 - SUBJECT ADDED ENTRY--TOPICAL TERM
Topical term or geographic name entry element National security
General subdivision International cooperation.
700 1# - ADDED ENTRY--PERSONAL NAME
Personal name Kirchner, Emil Joseph.
700 1# - ADDED ENTRY--PERSONAL NAME
Personal name Sperling, James.
906 ## - LOCAL DATA ELEMENT F, LDF (RLIN)
a 7
b cbc
c orignew
d 1
e ecip
f 20
g y-gencatlg
942 ## - ADDED ENTRY ELEMENTS (KOHA)
Source of classification or shelving scheme
Koha item type Book
Holdings
Withdrawn status Lost status Damaged status Not for loan Collection code Permanent Location Current Location Shelving location Date acquired Total Checkouts Full call number Barcode Date last seen Price effective from Koha item type
          Centre for International Peace & Stability (CIPS) Centre for International Peace & Stability (CIPS) General Stacks 08/01/2013   355.033 NAT 2010 CIPS0000103 08/02/2013 08/02/2013 Book
© 2023 Central Library, National University of Sciences and Technology. All Rights Reserved.